[Event "EU-ch 23rd"]
[Site "Vrnjacka Banja"]
[Date "2023.03.13"]
[Round "11"]
[White "Modric, Milos"]
[Black "Giacomini, Hector"]
[Result "0-1"]
[WhiteElo "2002"]
[BlackElo "2121"]
[PlyCount "108"]
[EventDate "2023.03.03"]
[EventType "swiss"]
[EventRounds "11"]
[EventCountry "SRB"]
[SourceTitle "CBM 213"]
[Source "ChessBase"]
[SourceDate "2023.04.30"]
[SourceVersion "1"]
[SourceVersionDate "2023.04.30"]
[SourceQuality "1"]

1. e4 c6 2. d4 d5 3. e5 c5 4. c3 Nc6 5. Be2 Bf5 6. Nf3 e6 7. 0-0 Rc8 8. a3 cxd4 9. cxd4 Bg4 10. Nbd2 Nge7 11. b4 Qb6 12. Bb2 Nf5 13. Rc1 a6 14. h3 Bxf3 15. Nxf3 Be7 16. Qd2 0-0 17. Bd3 g6 18. Bxf5 exf5 19. Rc2 a5 20. Rfc1 axb4 21. axb4 Qxb4 22. Qh6 Ra8 23. h4 Rfe8 24. h5 Bf8 25. Qf4 Nd8 26. Bc3 Qe7 27. Rb1 Ne6 28. Qg3 Rec8 29. Bb4 Qd7 30. Rxc8 Rxc8 31. Bxf8 Kxf8 32. hxg6 hxg6 33. Qh4 Kg8 34. g3 Rc7 35. Kg2 Qe7 36. Qh6 Qf8 37. Qd2 Qg7 38. Rb5 f4 39. Rxd5 g5 40. Ra5 Qg6 41. d5 Rc2 42. dxe6 Rxd2 43. Ra8+ Kg7 44. e7 Rxf2+ 45. Kxf2 Qc2+ 46. Kf1 Qc4+ 47. Kg2 Qe2+ 48. Kh3 Qxf3 49. Rg8+ Kxg8 50. e8Q+ Kg7 51. Kh2 Qxg3+ 52. Kh1 f3 53. Qxf7+ Kxf7 54. e6+ Kf6 0-1

[Event "EU-ch 23rd"]
[Site "Vrnjacka Banja"]
[Date "2023.03.12"]
[Round "10"]
[White "Bashylina, Luisa"]
[Black "Modric, Milos"]
[Result "1/2-1/2"]
[WhiteElo "2127"]
[BlackElo "2002"]
[PlyCount "149"]
[EventDate "2023.03.03"]
[EventType "swiss"]
[EventRounds "11"]
[EventCountry "SRB"]
[SourceTitle "CBM 213"]
[Source "ChessBase"]
[SourceDate "2023.04.30"]
[SourceVersion "1"]
[SourceVersionDate "2023.04.30"]
[SourceQuality "1"]

1. d4 Nf6 2. c4 e6 3. Nc3 d5 4. cxd5 exd5 5. Bg5 c6 6. e3 h6 7. Bh4 Be7 8. Bd3 0-0 9. Qc2 Re8 10. Nge2 Nbd7 11. f3 c5 12. 0-0 cxd4 13. Nxd4 Ne5 14. Be2 Ng6 15. Bf2 a6 16. Rad1 Bf8 17. Rfe1 b5 18. a3 Qc7 19. Qb3 Bb7 20. Rc1 Qd7 21. Bd3 Ne5 22. Bf5 Qe7 23. Bb1 Nc4 24. Qc2 g6 25. Ba2 Rac8 26. Qe2 Bg7 27. a4 Qb4 28. axb5 Nxb2 29. bxa6 Bxa6 30. Qxa6 Rxc3 31. Nc6 Qa3 32. Qxa3 Rxa3 33. Bb1 Nd3 34. Bxd3 Rxd3 35. Rcd1 Rxd1 36. Rxd1 Re6 37. Nb4 Rb6 38. Nxd5 Nxd5 39. e4 Rd6 40. Rxd5 Rxd5 41. exd5 Kf8 42. Bc5+ Ke8 43. Kf2 Kd7 44. Ke3 f5 45. Kf4 Bf6 46. Bf8 Bb2 47. Bc5 Bf6 48. Bb4 Ke8 49. g4 fxg4 50. Kxg4 Kf7 51. Kf4 Ke8 52. Ke4 Kf7 53. Bc5 Bg7 54. Bd4 Bf8 55. Be5 Ba3 56. Bf4 Bf8 57. Ke5 Ke7 58. d6+ Kd7 59. Kd5 h5 60. h3 Bg7 61. Be5 Bf8 62. Bg3 Bg7 63. Be1 Bf8 64. Bb4 Bg7 65. Bc5 Bf6 66. f4 Bg7 67. Ba3 Bf6 68. Ke4 Ke6 69. Bc5 Bc3 70. Kd3 Bf6 71. Kc4 Bd8 72. Kd4 Bf6+ 73. Ke4 Bc3 74. Ba3 Bf6 75. Bb4 1/2-1/2

[Event "EU-ch 23rd"]
[Site "Vrnjacka Banja"]
[Date "2023.03.06"]
[Round "4"]
[White "Modric, Milos"]
[Black "Bozic, Sasa"]
[Result "0-1"]
[WhiteElo "2002"]
[BlackElo "1839"]
[PlyCount "162"]
[EventDate "2023.03.03"]
[EventType "swiss"]
[EventRounds "11"]
[EventCountry "SRB"]
[SourceTitle "CBM 213"]
[Source "ChessBase"]
[SourceDate "2023.04.30"]
[SourceVersion "1"]
[SourceVersionDate "2023.04.30"]
[SourceQuality "1"]

1. e4 c5 2. c3 d6 3. d4 cxd4 4. cxd4 Nf6 5. Nc3 g6 6. Nf3 Bg7 7. Be2 0-0 8. 0-0 Nbd7 9. h3 b6 10. e5 dxe5 11. dxe5 Ne8 12. e6 fxe6 13. Ng5 Nc7 14. Bf3 Rb8 15. Qe2 Ne5 16. Be4 Ba6 17. Qc2 Bxf1 18. Kxf1 Qd4 19. Kg1 Nf7 20. Be3 Qc4 21. Bd3 Qc6 22. Be4 Qc4 23. Bd3 Qc6 24. Be4 Qe8 25. h4 Nxg5 26. Bxg5 Qf7 27. h5 Bd4 28. Rf1 gxh5 29. Bh6 Rfc8 30. Rd1 Be5 31. Rd3 Nd5 32. Rf3 Bf6 33. Qb3 Nxc3 34. bxc3 Rc5 35. c4 Rbc8 36. Bd3 Qe8 37. Qb1 Qf7 38. Qd1 a6 39. Rg3+ Kh8 40. Qf3 Rg8 41. Rxg8+ Qxg8 42. Be3 Re5 43. Bxb6 Re1+ 44. Bf1 Qb8 45. c5 Qe5 46. Qd3 Qf5 47. Qd8+ Kg7 48. Ba5 Rc1 49. Qd2 Qb1 50. Qe2 Qb5 51. Qxb5 axb5 52. c6 Be5 53. c7 Bxc7 54. Bxc7 Rxc7 55. Bxb5 Rc1+ 56. Kh2 Rc2 57. a4 Rxf2 58. Kg3 Rf5 59. Kh4 Kf6 60. g3 h6 61. Be2 Ra5 62. Bb5 e5 63. Kxh5 Kg7 64. Kg4 Kf6 65. Kh5 e4 66. Kxh6 Ra8 67. Kh5 Rg8 68. Kh4 Rg5 69. Kh3 Rc5 70. Kg2 Rc2+ 71. Kf1 Ra2 72. g4 Kg5 73. Bd7 Kf4 74. Ke1 Ke3 75. Kf1 Kf3 76. Ke1 e3 77. Bc6+ Kxg4 78. Bb5 e5 79. Be2+ Kf4 80. Bb5 Kf3 81. Bc6+ e4 0-1